MARC details
| 000 -LEADER |
| fixed length control field |
00946cam a22002894a 4500 |
| 001 - CONTROL NUMBER |
| control field |
15688774 |
| 003 - CONTROL NUMBER IDENTIFIER |
| control field |
OSt |
| 005 - DATE AND TIME OF LATEST TRANSACTION |
| control field |
20180525091339.0 |
| 008 - FIXED-LENGTH DATA ELEMENTS--GENERAL INFORMATION |
| fixed length control field |
090406s2009 mauabf b 001 0 eng |
| 010 ## - LIBRARY OF CONGRESS CONTROL NUMBER |
| LC control number |
2009013122 |
| 020 ## - INTERNATIONAL STANDARD BOOK NUMBER |
| International Standard Book Number |
9780123735768 |
| 020 ## - INTERNATIONAL STANDARD BOOK NUMBER |
| International Standard Book Number |
0123735769 |
| 035 ## - SYSTEM CONTROL NUMBER |
| System control number |
(OCoLC)ocn318100432 |
| 040 ## - CATALOGING SOURCE |
| Original cataloging agency |
SEKU |
| 050 00 - LIBRARY OF CONGRESS CALL NUMBER |
| Classification number |
QE 539.2 |
| Item number |
.M3 |
| 245 00 - TITLE STATEMENT |
| Title |
Paleoseismology / |
| Statement of responsibility, etc. |
edited by James P. McCalpin. |
| 250 ## - EDITION STATEMENT |
| Edition statement |
2nd ed. |
| 260 ## - PUBLICATION, DISTRIBUTION, ETC. (IMPRINT) |
| Place of publication, distribution, etc. |
Burlington, MA : |
| Name of publisher, distributor, etc. |
Academic Press, |
| Date of publication, distribution, etc. |
2009. |
| 300 ## - PHYSICAL DESCRIPTION |
| Extent |
613 p., [32] p. of plates : |
| Other physical details |
ill. (some col.), maps (some col.) |
| 490 1# - SERIES STATEMENT |
| Series statement |
International geophysics series ; |
| Volume/sequential designation |
v. 95 |
| 504 ## - BIBLIOGRAPHY, ETC. NOTE |
| Bibliography, etc |
Includes bibliographical references and index. |
| 650 #0 - SUBJECT ADDED ENTRY--TOPICAL TERM |
| Topical term or geographic name as entry element |
Paleoseismology. |
| 700 1# - ADDED ENTRY--PERSONAL NAME |
| Personal name |
McCalpin, James. |
| 830 #0 - SERIES ADDED ENTRY--UNIFORM TITLE |
| Uniform title |
International geophysics series ; |
| Volume number/sequential designation |
v. 95. |
| 856 42 - ELECTRONIC LOCATION AND ACCESS |
| Materials specified |
Publisher description |
| Uniform Resource Identifier |
<a href="http://www.loc.gov/catdir/enhancements/fy1011/2009013122-d.html">http://www.loc.gov/catdir/enhancements/fy1011/2009013122-d.html</a> |
| 942 ## - ADDED ENTRY ELEMENTS (KOHA) |
| Source of classification or shelving scheme |
Library of Congress Classification |
| Koha item type |
General circulation |